000
00318nam a22001337a 4500
008
170607b xxu||||| |||| 00| 0 eng d
020
_a
9780791453469
041
_a
eng
080
_a
338
100
_a
18
101
_a
SHP
245
_a
SYSTEM OF VIOLENCE THE POLITICAL ECONOMY
_c
RICHANI.N
942
_2
udc
_c
BK
999
_c
16278
_d
16278